| 000 | 00468nam a2200181Ia 4500 | ||
|---|---|---|---|
| 001 | 3881 | ||
| 005 | 20260306145716.0 | ||
| 008 | 260306t2014||||xx |||||||||||||| ||spa|| | ||
| 041 | _aESP | ||
| 082 |
_a305.231 _bG24 |
||
| 100 |
_aGarcía Sánchez Jesús Nicasio _eAUT |
||
| 245 | 0 | _aPrevención en dificultades del desarrollo y del aprendizaje | |
| 260 | _c2014 | ||
| 300 |
_a269 páginas : _c24 cm. |
||
| 650 | _aGEN | ||
| 654 | _aCHU | ||
| 942 |
_cLIB _dJUS _fJUS _2ddc _n |
||
| 999 |
_c3881 _d3881 |
||